| 000 | 01328nam0a22003371 4500 | ||
|---|---|---|---|
| 001 | v19\rc\1974848 | ||
| 005 | 20260406090830.0 | ||
| 035 | _a(NLR Aleph) 005069493 | ||
| 090 |
_a7080330 _c7080330 |
||
| 100 | _a20080623d1914 u y0rusy50 ca | ||
| 101 | 1 |
_arus _cfre |
|
| 102 | _aRU | ||
| 105 | _ay z ||||| | ||
| 200 | 1 |
_aРобинзон Крузоэ _eЛибретто комич. оперы в 3 актах (5 карт.) _fМуз. Жака Оффенбаха _gФр. текст Е. Кормона и Г. Крэмье _gПер. А.И. Вишневского |
|
| 210 |
_aМосква _cОпера С.И. Зимина _d1914 |
||
| 215 |
_a96 с. _d17 |
||
| 700 | 1 |
_8rus _7ca _aКормон _bЭ. _f1811-1903 _gЭжен _3RU\NLR\AUTH\77104936 _987861 |
|
| 701 | 1 |
_7ca _8rus _aКремье _bГ. _f1828-1892 _gГектор _3RU\NLR\AUTH\77106686 _989611 |
|
| 702 | 1 |
_4230 _8rus _7ca _aОффенбах _bЖ. _f1819-1880 _gЖак _3RU\NLR\AUTH\7759211 _942143 |
|
| 702 | 1 |
_aВишневский _bА. И. _4730 |
|
| 790 | 1 |
_6z01700 _aКормон _bЕ. _f1811-1903 |
|
| 790 | 1 |
_6z02701 _aКрэмье _bГ. _f1828-1892 |
|
| 801 | 0 |
_aRU _bNLR _gpsbo |
|
| 801 | 0 |
_aRU _bRuMoRGB _2psbo |
|
| 801 | 1 |
_aRU _bProSoft-M _2rusmarc |
|
| 852 |
_aNLR _j40.1.7.233 |
||
| 899 |
_aRuMoRGB _jV 65/602 |
||
| 899 | _aБАН | ||
| 942 | _cBOOK | ||
| 980 | _aNB | ||